|
|
|
|
| LEADER |
00000nam0a2200000 4500 |
| 001 |
265020 |
| 005 |
20231101233902.0 |
| 020 |
|
|
|a RU
|b 88-74719
|
| 035 |
|
|
|a (RuTPU)RU\TPU\book\288018
|
| 090 |
|
|
|a 265020
|
| 100 |
|
|
|a 20140623d1988 km y0rusy5003 ca
|
| 101 |
0 |
|
|a rus
|
| 102 |
|
|
|a KZ
|
| 105 |
|
|
|a a z 001zy
|
| 200 |
1 |
|
|a Новое о полимерах и их применении
|f Е. Е. Ергожин [и др.]
|
| 210 |
|
|
|a Алма-Ата
|c Мектеп
|d 1988
|
| 215 |
|
|
|a 168 с.
|c ил.
|d 20 см
|
| 320 |
|
|
|a Библиогр.: с. 166-167 (44 назв.).
|
| 606 |
1 |
|
|a Полимеры
|x Применение
|2 stltpush
|3 (RuTPU)RU\TPU\subj\50264
|9 68979
|
| 610 |
1 |
|
|a медицина
|
| 610 |
1 |
|
|a химия
|
| 610 |
1 |
|
|a использование
|
| 610 |
1 |
|
|a полимерные материалы
|
| 610 |
1 |
|
|a эндопротезирование
|
| 610 |
1 |
|
|a высокомолекулярные соединения
|
| 610 |
1 |
|
|a свойства
|
| 610 |
1 |
|
|a получение
|
| 610 |
1 |
|
|a лекарственные полимеры
|
| 610 |
1 |
|
|a виниловые эфиры
|
| 610 |
1 |
|
|a растворимые полимеры
|
| 610 |
1 |
|
|a реакционная способность
|
| 610 |
1 |
|
|a гомополимеризация
|
| 610 |
1 |
|
|a гликоли
|
| 610 |
1 |
|
|a аминоспирты
|
| 675 |
|
|
|a 678
|z rus
|v 3
|
| 701 |
|
1 |
|a Ергожин
|b Е. Е.
|g Едил Ергожаевич
|
| 701 |
|
1 |
|a Нуркеева
|b З. С.
|g Зауреш Сагиевна
|
| 701 |
|
1 |
|a Сеитов
|b А. З.
|g Асхат Зулхарнаевич
|
| 701 |
|
1 |
|a Шайхутдинов
|b Е. М.
|g Ерингаип Маликович
|
| 801 |
|
0 |
|a RU
|b RuMRKP
|c 19950417
|g psbo
|
| 801 |
|
1 |
|a RU
|b 63413507
|c 20140623
|
| 801 |
|
2 |
|a RU
|b 63413507
|c 20150129
|g RCR
|
| 942 |
|
|
|c BK
|